Wide hybridization of plants: (Record no. 18445)

MARC details
000 -LEADER
fixed length control field 01444nam a2200385 a 4500
001 - CONTROL NUMBER
control field vtls000015101
003 - CONTROL NUMBER IDENTIFIER
control field NLI
005 - DATE AND TIME OF LATEST TRANSACTION
control field 20210601181447.0
008 - FIXED-LENGTH DATA ELEMENTS--GENERAL INFORMATION
fixed length control field 101125s1962 is a 100 0 eng
020 ## - INTERNATIONAL STANDARD BOOK NUMBER
Terms of availability Rs. 105.00
039 #9 - LEVEL OF BIBLIOGRAPHIC CONTROL AND CODING DETAIL [OBSOLETE]
-- 201011250116
-- VLOAD
040 0# - CATALOGING SOURCE
Original cataloging agency NLI
Language of cataloging eng
Transcribing agency VERGIS-2003
041 0# - LANGUAGE CODE
Language code of text/sound track or separate title eng
044 ## - COUNTRY OF PUBLISHING/PRODUCING ENTITY CODE
MARC country code is
082 04 - DEWEY DECIMAL CLASSIFICATION NUMBER
Classification number 631.523
111 2# - MAIN ENTRY--MEETING NAME
Meeting name or jurisdiction name as entry element Conference on Wide Hybridization of Plants
Date of meeting or treaty signing (1958 Feb
Location of meeting Moscow)
9 (RLIN) 49719
245 10 - TITLE STATEMENT
Title Wide hybridization of plants:
Remainder of title proceedings: collection of report/
Statement of responsibility, etc. Conference on Wide Hybridization of plants; Academic of Sciences of the Union of Soviet Socialist Republics and Union Academy of Agricultural Sciences in, V.I. Lenin; edited by N.V. Tsitsin
260 ## - PUBLICATION, DISTRIBUTION, ETC.
Place of publication, distribution, etc. Jerusalem:
Name of publisher, distributor, etc. Israel program of scientific translations,
Date of publication, distribution, etc. c1962
300 ## - PHYSICAL DESCRIPTION
Extent 364 p.:
Other physical details ill.;
Dimensions 24 cm.
650 #0 - SUBJECT ADDED ENTRY--TOPICAL TERM
Topical term or geographic name entry element Plant breeding
9 (RLIN) 5109
650 #0 - SUBJECT ADDED ENTRY--TOPICAL TERM
Topical term or geographic name entry element Hybridization vegetable
9 (RLIN) 49720
650 #0 - SUBJECT ADDED ENTRY--TOPICAL TERM
Topical term or geographic name entry element Plant biotechnology
9 (RLIN) 5108
700 1# - ADDED ENTRY--PERSONAL NAME
Personal name Tsitsin, N.V.,
Relationship edt
9 (RLIN) 49721
710 2# - ADDED ENTRY--CORPORATE NAME
Corporate name or jurisdiction name as entry element Academy of sciences of the Union of Soviet Socialist Republic
9 (RLIN) 49722
710 2# - ADDED ENTRY--CORPORATE NAME
Corporate name or jurisdiction name as entry element Union Academy of Agricultural science in V.I. Lenin
9 (RLIN) 49723
887 ## - NON-MARC INFORMATION FIELD
Content of non-MARC field Sivankalai S.
901 ## - LOCAL DATA ELEMENT A, LDA (RLIN)
a 355596
b 06/09/1963
902 ## - LOCAL DATA ELEMENT B, LDB (RLIN)
a E 631.523 C 76
903 ## - LOCAL DATA ELEMENT C, LDC (RLIN)
a 04/03/2004
904 ## - LOCAL DATA ELEMENT D, LDD (RLIN)
a Sivankalai S.
906 ## - LOCAL DATA ELEMENT F, LDF (RLIN)
a 014144
949 ## - LOCAL PROCESSING INFORMATION (OCLC)
-- VIRTUAITEM
-- 10000
-- 1
-- 100
6 PUR000355596ENG
a E 631.523 C76
942 ## - ADDED ENTRY ELEMENTS (KOHA)
Source of classification or shelving scheme Dewey Decimal Classification
Koha item type Books
Holdings
Withdrawn status Lost status Damaged status Not for loan Collection code Home library Current library Shelving location Date acquired Total Checkouts Full call number Barcode Date last seen Price effective from Koha item type
        New English National Library of India National Library of India New English - Main Stack Division     E 631.523 C 76 PUR000355596ENG 01/06/2021 01/06/2021 Books
                                                                           
web counter

Copyright ©2020 The National Library of India, Govt. of India ↔ Hosted by NVLI, MOC ↔ Technology and Design by National Library of India, Ministry of Culture, Govt. of India